Countries of Chelsea Players - Statistics

General Stats
  • This quiz has been taken 27 times
  • The average score is 43 of 58
Answer Stats
Year Country % Correct
2003 Argentina
100%
2003 Belgium
96%
1999 Brazil
96%
1992 England
96%
1996 France
96%
2000 Germany
96%
1992 Ireland
96%
1995 Netherlands
96%
2002 Portugal
96%
1992 Scotland
96%
1998 Spain
96%
1996 Italy
92%
2015 United States
92%
1992 Wales
92%
2013 Egypt
88%
2005 Ghana
88%
1992 Norway
88%
1992 Russia
88%
2000 Australia
85%
2003 Austria
85%
2014 Colombia
85%
1993 Denmark
85%
2020 Morocco
85%
1996 Nigeria
85%
2006 Sweden
85%
2006 Ukraine
85%
2000 Croatia
81%
2004 Czech Republic
81%
1998 Finland
81%
1992 Northern Ireland
81%
2017 Poland
81%
2012 Senegal
81%
2022 Switzerland
81%
2023 Ecuador
77%
2004 Ivory Coast
77%
2011 Mexico
77%
1993 Turkey
77%
1997 Uruguay
77%
2016 Chile
73%
2000 Iceland
73%
2000 Serbia
73%
2008 Slovakia
73%
1995 Romania
69%
2003 Cameroon
65%
2007 Peru
65%
2005 South Africa
65%
2019 Albania
62%
2015 Bosnia and Herzegovina
62%
1992 Jamaica
58%
2022 Gabon
46%
2000 Georgia
46%
2006 Israel
46%
1999 Liberia
38%
2013 Burkina Faso
31%
2001 Uganda
23%
2011 Democratic Republic of Congo
12%
2003 Grenada
12%
2009 Sri Lanka
8%
No matching quizzes found
Score Distribution
Percent of People with Each Score
Percentile by Number Answered
Your Score History
You have not taken this quiz